Top 10 Most Charitable US States - Statistics

General Stats
  • This quiz has been taken 366 times
  • The average score is 6 of 10
Answer Stats
Rank Charitable State % Correct
8 Ohio
74%
2 Minnesota
70%
1 Utah
69%
4 Maryland
64%
9 Wisconsin
64%
3 North Dakota
61%
7 New Hampshire
59%
6 Delaware
55%
5 Oklahoma
50%
10 Arkansas
45%
No matching quizzes found
Score Distribution
Percent of People with Each Score
Percentile by Number Answered
Your Score History
You have not taken this quiz